| 000 | 00987nam a2200289 i 4500 | ||
|---|---|---|---|
| 003 | EG-GICUC | ||
| 005 | 20260414140421.0 | ||
| 008 | 260414s1909 fr ||||fr|||| 000 0 Fre d | ||
| 040 |
_aEG-GiCUC _bfre _cEG-GiCUC _dEG-GiCUC _eRda |
||
| 041 | 0 | _afre | |
| 082 | 0 | 4 |
_221 _a343.3 _bG A . I |
| 092 | 0 | 4 | _221 |
| 099 | _aLaw1 10 343.3 G A . I 1909 | ||
| 100 | 0 |
_aR. Garraud _eAuteur |
|
| 245 | 1 | 2 |
_aTraitė Théorique Et Pratique : _bD'instruction Criminelle De Procédure Pénale. _nTome Deuxième / _cPar R. Garraud. |
| 264 | 1 |
_aparis : _bLIBRAIRIE DE LA SOCIÉTÉ DU RECUEIL J.-B. SIREY, _c1909. |
|
| 300 |
_a676 page, pages non numérotées ; _c 24 cm. |
||
| 336 |
_2rda contenu _a texte |
||
| 337 |
_2rda medias _aOrdinateur |
||
| 338 |
_2 transporteur rda _a Ressource en ligne |
||
| 546 | _aTexte en français | ||
| 650 | 1 |
_aDroit pénal _2qrmak |
|
| 651 | 1 | _2qrmak | |
| 856 | 4 | 0 | _uhttps://fll.law.cu.edu.eg/fulltext/bks/B10-09017.pdf |
| 905 | _a62 | ||
| 942 |
_2ddc _n0 _cBK _e21 |
||
| 999 |
_c70944 _d70944 |
||